Linux userʾs resource : developer's resource / (Record no. 62021)

000 -LEADER
fixed length control field 01201pam a2200301 a 4500
001 - CONTROL NUMBER
control field 4489456
003 - CONTROL NUMBER IDENTIFIER
control field NUST-PNEC
005 - DATE AND TIME OF LATEST TRANSACTION
control field 20170116180737.0
008 - FIXED-LENGTH DATA ELEMENTS--GENERAL INFORMATION
fixed length control field 970624s1998 njua b 001 0 eng
010 ## - LIBRARY OF CONGRESS CONTROL NUMBER
LC control number 97022733
020 ## - INTERNATIONAL STANDARD BOOK NUMBER
International Standard Book Number 0138423784
040 ## - CATALOGING SOURCE
Original cataloging agency DLC
Transcribing agency PNEC
Modifying agency DLC
050 00 - LIBRARY OF CONGRESS CALL NUMBER
Classification number QA76.76.O63
Item number M7453 1998
082 00 - DEWEY DECIMAL CLASSIFICATION NUMBER
Classification number 005.4469 MOH
Edition number 21
100 1# - MAIN ENTRY--PERSONAL NAME
Personal name Mohr, James.
245 10 - TITLE STATEMENT
Title Linux userʾs resource : developer's resource /
Statement of responsibility, etc. James Mohr.
246 30 - VARYING FORM OF TITLE
Title proper/short title Linux
260 ## - PUBLICATION, DISTRIBUTION, ETC.
Place of publication, distribution, etc. Upper Saddle River, NJ :
Name of publisher, distributor, etc. Prentice Hall PTR,
Date of publication, distribution, etc. c1998.
300 ## - PHYSICAL DESCRIPTION
Extent xxxv, 795 p. :
Other physical details ill. ;
Dimensions 24 cm.
440 #0 - SERIES STATEMENT/ADDED ENTRY--TITLE
Title Prentice Hall PTR developerʾs resource series
504 ## - BIBLIOGRAPHY, ETC. NOTE
Bibliography, etc. note Includes bibliographical references (p. 767-775) and index.
630 00 - SUBJECT ADDED ENTRY--UNIFORM TITLE
Uniform title Linux.
650 #0 - SUBJECT ADDED ENTRY--TOPICAL TERM
Topical term or geographic name entry element Operating systems (Computers)
856 ## - ELECTRONIC LOCATION AND ACCESS
Uniform Resource Identifier <a href="http://www.amazon.com/Linux-Users-Resource-Prentice-Developers/dp/0138423784/ref=sr_1_1?s=books&ie=UTF8&qid=1417092418&sr=1-1&keywords=0138423784">http://www.amazon.com/Linux-Users-Resource-Prentice-Developers/dp/0138423784/ref=sr_1_1?s=books&ie=UTF8&qid=1417092418&sr=1-1&keywords=0138423784</a>
906 ## - LOCAL DATA ELEMENT F, LDF (RLIN)
a 7
b cbc
c orignew
d 1
e ocip
f 19
g y-gencatlg
942 ## - ADDED ENTRY ELEMENTS (KOHA)
Source of classification or shelving scheme
Koha item type Book
Holdings
Withdrawn status Lost status Source of classification or shelving scheme Damaged status Not for loan Permanent Location Current Location Shelving location Date acquired Source of acquisition Cost, normal purchase price Total Checkouts Full call number Barcode Date last seen Cost, replacement price Price effective from Koha item type
          Pakistan Navy Engineering College (PNEC) Pakistan Navy Engineering College (PNEC)   11/03/2001 - 575.00   005.4469 MOH PNECLIB-023191 11/27/2014 575.00 11/03/2001 Book
© 2023 Central Library, National University of Sciences and Technology. All Rights Reserved.